000 00831nam a2200241 i 4500
001 144906
003 ES-MaACL
005 20250916201038.0
007 t|
008 190703s1968 sp r ||||1| spa d
080 _a113/119 Teilhard de Chardin, Pierre)
100 1 _aRideau, Emile.
_9167451
245 1 3 _aEl pensamiento de Teilhard de Chardin /
_cEmile Rideau ; [traducción de José Bailo y Josep A. Pombo].
260 _aBarcelona :
_bPenínsula,
_c1968.
300 _a548 p. ;
_c20 cm.
490 1 _aPensamiento cristiano ;
_v16
600 1 4 _aTeilhard de Chardin, Pierre,
_d1881-1955-
_xCrítica e interpretación
_9109522
700 1 _aBailo, José.
_9166127
700 1 _aPombo, Josep A.
_992907
830 1 _aPensamiento cristiano ;
_v16
_9187387
852 4 _aES-MaACL
_jP-618-Ter-13
999 _c144906
_d144906